000 00621cam a22002293a 4500
001 18440
003 PGUSA
005 20140828083407.0
008 060523s2006||||xxu|||||s|||||000 | eng d
040 _aPGUSA
_beng
042 _adc
050 4 _aBC
100 1 _aRead, Carveth,
_d1848-1931
245 1 0 _aLogic :
_bDeductive and Inductive
_h[electronic resource] /
_cCarveth Read
260 _bProject Gutenberg,
_c2006
506 _aPublic domain in the USA.
516 _aElectronic text
653 _aLogic
830 0 _aProject Gutenberg
_v18440
856 4 0 _uhttp://www.gutenberg.org/ebooks/18440
942 _cEB
999 _c247695
_d247695